000 00299nam a22001457a 4500
008 221012b ||||| |||| 00| 0 eng d
020 _a9781946729187
041 _aeng
080 _a004
082 _a004
100 _a19
101 _ashk
245 _aICD-10-CM
_cPUCKETT C
942 _2udc
_cBK
999 _c58501
_d58501